000 01185nam a2200157 4500
999 _c509501
_d509501
008 190510b ||||| |||| 00| 0 eng d
100 _aSanabria-Pulido, Pablo
_95397
245 _aPublic service motivation and job sector choice: evidence from a developing country
260 _c2018
300 _ap.1107-1118.
520 _aThis article explores the determinants of actual job sector decisions of highly skilled professionals across four different sectors in a developing country, with a particular interest in the relationship with public service motivation (PSM). Unlike most previous cross-sectional studies, it uses a pooled time series of individual antecedents and job characteristics, both before and after the individuals leave the job market to pursue graduate education abroad. The results indicate that there are key differences in terms of the determinants of job sector choices across the four sectors, and that PSM appears to have a differential role on the attraction of individuals to each of those sectors. - Reproduced.
650 _aMotivation
_95398
773 _aInternational Journal of Public Administration
906 _aCivil service
942 _2ddc
_cAR